01803nab a22003137a 4500999001500000003000400015005001700019008004100036040000700077100004600084245021800130260007300348300001300421500007600434505043600510505008900946650004201035650003401077650004001111650003501151650003001186650002401216650001901240650002501259650002301284650002901307773014001336942001301476 c5636d5636OSt20251224102936.0190603e xxum|||| |||| 00| 0 spa d cPJ 96607aGonzález Vila, Diego Sebastián 10aReintegro del precio del pasaje como deuda de valor en el contrato de transporte aéreo de pasajeros: garantía del principio protectorio consumeril de rango constitucional /cDiego Sebastián González Vila.  cCiudad Autónoma de Buenos Aires :aThomson Reuters La Ley, b2025. ap. 25-57 aCita: TR LALEY AR/DOC/30/2025 Publicado en: RCCyC 2025 (febrero) , 25. aSumario: I. Introducción.— II. El contrato de transporte aéreo de personas como relación de consumo (art. 42 CN). Noción para distinguir un vuelo nacional del internacional y la normativa aplicable.— III. El momento de perfección del contrato de transporte aéreo. La cancelación del vuelo por causas no imputables a las partes. El reintegro como deuda de valor (art. 772 Cód. Civ. y Com.).— IV. Conclusión.  t¿Te interesa el texto completo? Solicitalo al correo: koha@justierradelfuego.gov.ar 096340aTRANSPORTE AÉREO DE PASAJEROS 092608aDERECHOS DEL CONSUMIDOR 092600aLEY DE DEFENSA DEL CONSUMIDOR 091497aCODIGO CIVIL Y COMERCIAL 094552aRELACION DE CONSUMO 091382aINDEMNIZACION 09533aINTERESES 093092aPRESCRIPCIÓN 095410aFUERZA MAYOR 095287aSERVICIOS AÉREOS0 0271393170dCiudad Autónoma de Buenos Aires : Thomson Reuters La Ley, 2015-tRevista Código Civil y Comercial. Nº 1 - Febrero 2025 2udccANA